| 000 | 00740nam a22002770a 4500 | ||
|---|---|---|---|
| 001 | PT144 | ||
| 003 | AR-LpoUNG | ||
| 005 | 20210131233454.0 | ||
| 008 | 191001s1995||||sp |||||||||||||||||spa d | ||
| 020 |
_a8423992012 _c$10 |
||
| 040 |
_aAR-LpoUNG _bspa _cAR-LpoUNG _eaacr |
||
| 041 | _aspa | ||
| 044 | _asp | ||
| 082 | 0 | _aR403 545 v2 | |
| 245 | 1 | 0 | _aDiccionario de la lengua española |
| 250 | _a21ra. ed. | ||
| 260 |
_aMadrid : _bEspasa Calpe, _c1995. |
||
| 300 |
_a2131 p. : _bgráfs. _a(2 _fVolúmenes) |
||
| 650 | 4 | _aLEXICOGRAFIA | |
| 650 | 4 | _aMATERIAL DE REFERENCIA | |
| 650 | 4 | _aTERMINOLOGIA | |
| 651 | 4 | _aDOCUMENTOS TEORICOS O METODOLOGICOS | |
| 710 | 2 | _aAcademia Española (Madrid) | |
| 905 | _a144 | ||
| 942 | _cLSALA | ||
| 999 |
_c20817 _d20817 |
||